期刊信息 |
| 索取号 |
C5/KSHSH
|
| 题名 |
喀什师范学院学报
|
| 作者 |
|
| 分册号 |
|
| 分册名 |
|
| 出版地 |
喀什(新疆)
|
| 出版者 |
该刊编辑部
|
| 标准刊号 |
|
| 出版频率 |
季刊
|
| 中图法分类 |
G6 C
|
| 主题词 |
社会科学 丛书; 社会科学 文集; 社会科学 连续出版物
|
| 电子资源 | |
| |
|
| 000 | 01043nas002200337 45 | |
| 001 | 1196060704 | |
| 005 | 20070416110030.31 | |
| 011 | @d¥0.60(1990) | |
| 091 | @aCN@b65-1013/E | |
| 092 | @aCN@b58-115 | |
| 100 | @a19930617b1980198 km y0chiy0121 eb | |
| 101 | 0 | @achi@eeng |
| 102 | @aCN@b650000 | |
| 110 | @aahaz 0yy0 | |
| 200 | 1 | @a喀什师范学院学报@AKA SHI SHI FAN XUE YUAN XUE BAO@i社会科学版@ISHE HUI KE XUE BAN@dJournal of Kashi Teachers College@zeng |
| 207 | 0 | @a[1980,no.1(1980)]~198?,no.?(198?)=[总1~?] |
| 210 | @a喀什(新疆)@c该刊编辑部@d1980~8? | |
| 215 | @a?no.@d26cm | |
| 326 | @a季刊 | |
| 440 | 1 | @12001 @a喀什师范学院学报 |
| 510 | 1 | @aJournal of Kashi Teachers College@zeng |
| 540 | 1 | @a喀什 师范 学院 学报@AKA SHI SHI FAN XUE YUAN XUE BAO |
| 606 | 0 | @a社会科学@x丛书 |
| 606 | 0 | @a社会科学@x文集 |
| 606 | 0 | @a社会科学@x连续出版物 |
| 676 | @a300@v19 | |
| 690 | @aG6 C@v3 | |
| 690 | @aC5@v4 | |
| 701 | 0 | @a黄文靖@AHUANG WEN JING@4主编 |
| 801 | 0 | @aCN@bPFT@c20070416 |
| 905 | @a1@cQ@dC5@eKSHSH | |
| 喀什师范学院学报.社会科学版=Journal of Kashi Teachers College.-[1980,no.1(1980)]~198?,no.?(198?)=[总1~?].-喀什(新疆):该刊编辑部,1980~8? |
| ?no.;26cm |
| 由:继承 |
| ¥0.60(1990) |
| ● |
| 相关链接: |
|
|
|
|